000 00751cab a2200217 4500
001 ABS38320
008 090401t1987 xxu||||| |||| 00| 0 eng d
035 _a(Sirsi) u9934
041 _aeng
100 _aBurns, A.
245 4 _aThe QS as expert witness
260 _c1987
350 _a0
490 _aChartered Quantity Surveyor
_v10(2) October 1987, 18-19(2)
520 _aThe first in a series of three articles which assess the role of the QS as expert witness in construction disputes. Concentrates on the initial stages, such as preparing a brief report for the client or counsel.
650 _aCLAIMS
690 _aMANAGEMENT-BUSINESS MANAGEMENT-PROFESSIONAL PRACTICE
700 _aMusgrave, R.
942 _n0
948 _c04/03/1997
999 _c6250
_d6250